|
|
|
|
| LEADER |
00922ncm a22002532a 4500 |
| 001 |
001138790 |
| 003 |
CZ BrMZK |
| 005 |
20110215141331.0 |
| 007 |
qu |
| 008 |
110215s1936 xr |||||||||||||||||cze d |
| 040 |
|
|
|a BOA001
|b cze
|
| 072 |
|
7 |
|a 784
|x Vokální hudba
|2 Konspekt
|9 9
|
| 100 |
1 |
|
|a May, Hans,
|d 1886-1958
|7 mzk2011621466
|4 cmp
|
| 245 |
1 |
0 |
|a Pojďte k nám, pojďte k marině
|h [hudebnina] :
|b foxpochod /
|c hudba H. May ; slova Vilda Dubský a Karel Šlik
|
| 260 |
|
|
|a Praha :
|b Zdeněk Vlk,
|c 1936
|
| 300 |
|
|
|a [4] s.
|
| 490 |
1 |
|
|a [Popěvky nakladatelství Zdeňka Vlka] ;
|v 393
|
| 700 |
1 |
|
|a Dubský, Vilém,
|d 1916-1974
|7 jk01023218
|4 lyr
|
| 700 |
1 |
|
|a Šlik, Karel
|7 jk01130479
|4 lyr
|
| 830 |
|
0 |
|a [Popěvky nakladatelství Zdeňka Vlka]
|
| 910 |
|
|
|a BOA001
|b Mus1-0170.877,393
|
| 990 |
|
|
|a MU
|
| 991 |
|
|
|b 201102
|
| 996 |
6 |
|
|b 2619354360
|c Mus1-0170.877,393
|l MZK
|r Sklad / do 1 hodiny
|n 0
|w 001169859
|u 000010
|a 1
|e BOA001
|j MZK50
|s P
|